000
00343nam a2200145Ia 4500
003
OSt
005
20240106104507.0
008
170523s9999 xx 000 0 und d
020
_a
9788177224610
040
_c
IIMT UNIVERSITY
100
_a
Prasad- K.V.K.K.
245
0
_a
Embedded / Real-Time Systems
260
_a
Dreamtech
942
_2
ddc
_c
02
999
_c
12208
_d
12208